Listy trávy /

Hlavní autor: Whitman, Walt, 1819-1892
Další autoři: Skovajsa, Ondřej, 1978-, Lundiaková, Hana
Jazyk: Čeština
Vydáno: Praha : Malvern, 2017
Vydání: Vydání první
Témata:
Fyzický popis: 162 stran ; 23 cm
Knihy
Uloženo v:
LEADER 01360cam a2200409 i 4500
001 nkc20182982524
003 CZ PrNK
005 20181031112017.0
007 ta
008 180221s2017 xr e 000 p cze d
015 |a cnb002982524 
020 |a 978-80-7530-107-9  |q (brožováno) 
035 |a (OCoLC)1048451539 
040 |a OSA001  |b cze  |e rda 
041 1 |a cze  |h eng 
072 7 |a 821.111(73)-1  |x Americká poezie  |2 Konspekt  |9 25 
080 |a 821.111(73)-1  |2 MRF 
080 |a (0:82-1)  |2 MRF 
100 1 |a Whitman, Walt,  |d 1819-1892  |7 jn19990009101  |4 aut 
240 1 0 |a Leaves of grass.  |l Česky  |7 aun2012730472 
245 1 0 |a Listy trávy /  |c Walt Whitman ; přeložili Ondřej Skovajsa a Hana Lundiaková 
250 |a Vydání první 
264 1 |a Praha :  |b Malvern,  |c 2017 
300 |a 162 stran ;  |c 23 cm 
336 |a text  |b txt  |2 rdacontent 
337 |a bez média  |b n  |2 rdamedia 
338 |a svazek  |b nc  |2 rdacarrier 
500 |a Přeloženo z angličtiny 
655 7 |a americká poezie  |7 fd131791  |2 czenas 
655 9 |a American poetry  |2 eczenas 
700 1 |a Skovajsa, Ondřej,  |d 1978-  |7 js20050509011  |4 trl 
700 1 |a Lundiaková, Hana  |4 trl 
910 2 |a BOA001  |b 2-1412.993 
920 |a 000731308  |z OSA001 
990 |a BK 
995 |a 01 
996 6 |b 2610759419  |c 2-1412.993  |l MZK  |r Sklad / do 1 hodiny  |n 3  |p p.v.  |w 001692893  |u 000010  |a 1  |e BOA001  |j MZK50  |s P